LEADER 01445nam 2200397 450 001 9910705623703321 005 20170526101451.0 035 $a(CKB)5470000002452163 035 $a(OCoLC)988090305 035 $a(OCoLC)1290252458 035 $a(EXLCZ)995470000002452163 100 $a20170526d2016 ua 0 101 0 $aeng 135 $aurbn||||a|||| 181 $ctxt$2rdacontent 182 $cc$2rdamedia 183 $acr$2rdacarrier 200 10$aDefense $eprocurement : agreement between the United States of America and Japan, effected by exchange of notes at Tokyo, June 3, 2016 210 1$a[Washington, D.C.] :$cUnited States Department of State,$d[2016?] 215 $a1 online resource (12 unnumbered pages) 225 1 $aTreaties and other international acts series ;$v16-603 517 3 $aAgreement between the United States of America and Japan, effected by exchange of notes at Tokyo, June 3, 2016 606 $aArmed Forces$xProcurement$xInternational cooperation 607 $aUnited States$xArmed Forces$xProcurement 607 $aJapan$xArmed Forces$xProcurement 608 $aTreaties.$2lcgft 615 0$aArmed Forces$xProcurement$xInternational cooperation. 712 02$aUnited States.$bDepartment of State, 712 02$aJapan, 712 02$aUnited States, 801 0$bGPO 801 1$bGPO 906 $aBOOK 912 $a9910705623703321 996 $aDefense$92306666 997 $aUNINA LEADER 01301nam0 22002773i 450 001 VAN00075991 005 20240806100608.140 010 $a88-86166-06-0 100 $a20100629d1993 |0itac50 ba 101 $aita 102 $aIT 105 $a|||| ||||| 200 1 $aˆIl ‰romanziere e l'archivista$eda un processo veneziano del '600 all'anonimo manoscritto dei Promessi sposi$fClaudio Povolo 210 $aVenezia$cIstituto veneto di scienze, lettere ed arti$d1993 215 $a165 p.$cill.$d24 cm. 410 1$1001VAN00007897$12001 $aMemorie. Classe di scienze morali, lettere ed arti$1210 $aVenezia$cIstituto veneto di scienze, lettere ed arti.$v50 606 $aManzoni, Alessandro$x$xFonti$3VANC027539$2FI 620 $dVenezia$3VANL000080 700 1$aPovolo$bClaudio$3VANV066215$0455127 712 $aIstituto veneto di scienze, lettere ed arti $3VANV108679$4650 801 $aIT$bSOL$c20260403$gRICA 899 $aBIBLIOTECA DEL DIPARTIMENTO DI LETTERE E BENI CULTURALI$1IT-CE0103$2VAN07 912 $aVAN00075991 950 $aBIBLIOTECA DEL DIPARTIMENTO DI LETTERE E BENI CULTURALI$d07CONS Zd 1743 aula C $e07 19480 20100629 996 $aRomanziere e l'archivista$9158464 997 $aUNICAMPANIA